La ciudadela: el drama de los médicos y la medicina

Furkejuvvon:
Bibliográfalaš dieđut
Váldodahkki: Cronin, Archibald Joseph (Dahkki)
Materiálatiipa: Girji
Giella:espánnjágiella
Almmustuhtton: Santiago Andrés Bello 1993
Preanttus:1a. ed
Fáttát:
Fáddágilkorat: Lasit fáddágilkoriid
Eai fáddágilkorat, Lasit vuosttaš fáddágilkora!

MARC

LEADER 00000cam a2200000 a 4500
001 UCE7171
003 CL-VaPUC
008 150529e19930000cl |||||||||||||||||spa|d
020 |a 9561311488 
082 0 4 |a 823  |b CRO  |2 21 
100 0 |a Cronin, Archibald Joseph  |e author  |9 579860 
245 1 3 |a La ciudadela: el drama de los médicos y la medicina 
250 |a 1a. ed 
300 |a 478 p 
942 |c BK 
945 |d 20150529 15:00:00  |a dcastane 
260 |a Santiago  |b Andrés Bello  |c 1993 
650 0 |a Novelas inglesas  |9 265220 
650 0 |a Literatura inglesa  |9 312907 
583 |a last modification  |c 20150529 15:00:00  |k Rodrigo Vera 
999 |c 359294  |d 359292 
952 |0 0  |1 0  |3 erb  |4 0  |6 823_000000000000000_CRO_1993  |7 0  |8 A  |9 468443  |a BIBEDU  |b BIBEDU  |e Villagrán Garnham, Jorge  |i 5176255  |o 823 CRO 1993  |p 5176255  |r 2019-11-23  |w 2019-11-23  |y BK  |z Catalogado en:20150529  |k LIT